L'italia moderna e la Toscana del principi: discussioni e ricerche storiche
Guardat en:
| Autor principal: | |
|---|---|
| Format: | Llibre |
| Idioma: | italià |
| Publicat: |
Florencia
Le Monier
2008
|
| Edició: | 1a. ed |
| Matèries: | |
| Etiquetes: |
Afegir etiqueta
Sense etiquetes, Sigues el primer a etiquetar aquest registre!
|
MARC
| LEADER | 00000cam a2200000 a 4500 | ||
|---|---|---|---|
| 001 | UCD9404 | ||
| 003 | CL-VaPUC | ||
| 008 | 170616e20080000it |||||||||||||||||ita|d | ||
| 020 | |a 9788800207843 | ||
| 082 | 0 | 4 | |a 945.5 |b FAS |2 21 |
| 100 | 0 | |a Fasano Guarini, Elena |e author |9 593107 | |
| 245 | 1 | 0 | |a L'italia moderna e la Toscana del principi: discussioni e ricerche storiche |
| 250 | |a 1a. ed | ||
| 300 | |a 302 p | ||
| 942 | |c BK | ||
| 945 | |d 20170616 21:05:00 |a arojas | ||
| 260 | |a Florencia |b Le Monier |c 2008 | ||
| 650 | 0 | |a Historia de Italia |9 362027 | |
| 651 | 7 | |a TOSCANA |2 CL-VaPUC |9 482498 | |
| 583 | |a last modification |c 20170616 21:05:00 |k Rodrigo Vera | ||
| 999 | |c 368607 |d 368605 | ||
| 952 | |0 0 |1 0 |3 erb |4 0 |6 945_500000000000000_FAS_2008 |7 0 |8 ? |9 483970 |a FDOLAF |b FDOLAF |e Laffi, Umberto, 1939- |i 5397502 |o 945.5 FAS 2008 |p 5397502 |r 2024-01-30 |w 2019-11-24 |y BK |z Catalogado en:20170616 |k LAF | ||